| 000 | 00776cab a2200241 4500 | ||
|---|---|---|---|
| 001 | WB3416-17 | ||
| 008 | 090401t1998 xxu||||| |||| 00| 0 eng d | ||
| 035 | _a(Sirsi) u85841 | ||
| 041 | _aeng | ||
| 245 | _aAdvice to protect New Forest | ||
| 260 | _c1998 | ||
| 350 | _a0 | ||
| 490 |
_aCountryside Commission News Release _v23 April 1998, (2) |
||
| 520 | _aThe Countryside Commission is to advise Government that the New Forest Heritage Centre should have special protection through legislation, rather than creating a National Park. | ||
| 650 | _aCOUNTRYSIDE COMMISSION | ||
| 650 | _aNATIONAL PARKS | ||
| 650 | _aNEW FOREST HERITAGE CENTRE | ||
| 650 | _aNEW FOREST | ||
| 650 | _aPROTECTED AREAS | ||
| 690 | _aCONSERVATION | ||
| 942 | _n0 | ||
| 948 | _c28/04/1998 | ||
| 999 |
_c53994 _d53994 |
||